书目信息 |
| 题名: |
爱我乳房
|
|
| 作者: | 张明 , 周敏 著 | |
| 分册: | ||
| 出版信息: | 上海 复旦大学出版社 2009.02 |
|
| 页数: | 128页 | |
| 开本: | 23cm | |
| 丛书名: | 健康cool新女性系列丛书 | |
| 单 册: | ||
| 中图分类: | R655.8 | |
| 科图分类: | ||
| 主题词: | 乳房疾病--ru fang ji bing--防治 | |
| 电子资源: | ||
| ISBN: | 978-7-309-06472-8 | |
| 000 | 01109nam 2200277 450 | |
| 001 | 012009172120 | |
| 005 | 20090803094607.56 | |
| 010 | @a978-7-309-06472-8@dCNY20.00 | |
| 100 | @a20090803d2009 em y0chiy0120 ea | |
| 101 | 0 | @achi |
| 102 | @aCN@b310000 | |
| 105 | @ay z 000yy | |
| 106 | @ar | |
| 200 | 1 | @a爱我乳房@Aai wo ru fang@e乳腺疾病的预防@f张明, 周敏著@Fzhang ming,zhou min zhu |
| 210 | @a上海@c复旦大学出版社@d2009.02 | |
| 215 | @a128页@d23cm | |
| 225 | 2 | @a健康cool新女性系列丛书@Ajian kang cool xin nu xing xi lie cong shu |
| 330 | @a本书共有11章,通过生动的实例,分别对乳腺增生病、乳腺纤维腺瘤、急性乳腺炎、浆细胞性乳腺炎、乳腺癌、乳房湿疹和乳房湿疹样癌、乳腺导管内乳头状瘤、溢乳、乳房异常发育症、乳房梅毒等常见乳腺疾病的发病原因、主要临床表现以及防治知识进行了系统描述。 | |
| 410 | 0 | @12001 @a健康cool新女性系列丛书 |
| 517 | 1 | @a乳腺疾病的预防@Aru xian ji bing de yu fang |
| 606 | 0 | @a乳房疾病@Aru fang ji bing@x防治 |
| 690 | @aR655.8@v4 | |
| 701 | 0 | @a张明@Azhang ming@4著 |
| 701 | 0 | @a周敏@Azhou min@4著 |
| 801 | 0 | @aCN@bQSSK@c20090803 |
| 905 | @b749571-73@dR655.8@eZ142@f3 | |
| 爱我乳房:乳腺疾病的预防/张明, 周敏著.-上海:复旦大学出版社,2009.02 |
| 128页;23cm.-(健康cool新女性系列丛书) |
| ISBN 978-7-309-06472-8:CNY20.00 |
| 本书共有11章,通过生动的实例,分别对乳腺增生病、乳腺纤维腺瘤、急性乳腺炎、浆细胞性乳腺炎、乳腺癌、乳房湿疹和乳房湿疹样癌、乳腺导管内乳头状瘤、溢乳、乳房异常发育症、乳房梅毒等常见乳腺疾病的发病原因、主要临床表现以及防治知识进行了系统描述。 |
| ● |
| 相关链接 |
|
|
|
正题名:爱我乳房
索取号:R655.8/Z142
 
预约/预借
| 序号 | 登录号 | 条形码 | 馆藏地/架位号 | 状态 | 备注 |
| 1 | 749571 | 207495717 | 自科库401/401自科库 19排3列4层/ [索取号:R655.8/Z142] | 在馆 | |
| 2 | 749572 | 207495726 | 自科库401/401自科库 19排3列4层/ [索取号:R655.8/Z142] | 在馆 | |
| 3 | 749573 | 207495735 | 自科库401/401自科库 19排3列4层/ [索取号:R655.8/Z142] | 在馆 |